000 00499nam a22001697a 4500
005 20241028154531.0
008 241028b |||||||| |||| 00| 0 eng d
020 _a9780471285304
050 _aNA2750
_b.A65
100 _aAntoniades, Anthony C.
245 _aPoetics of Architecture
_btheory of design
_cAnthony C. Antonaides
260 _aNew York
_bJohn Wiley & Sons, Inc
_c1992
300 _axiv. 303pages
_bill.
_c27.5cm
500 _aIncludes index
650 _2Architecture
942 _2lcc
_cBK
_n0
999 _c297
_d297